00957 a2200181 4500003000500000005001700005040000900022082001200031100003400043245008200077260004700159300001600206505037400222651001800596942002100614999001900635952012100654NUST20221207154823.0 cNust a297,GRU aGrunebaum, G. E. Von 9104370 aIslam Essay in nature and growth of a cultural tradition /cG.E.Von Grunebaum aLondonbRoutledge and kegan paul ltdc1961 axv: 266 p.: aThe Profile Of Muslim Civilization (Page-1), The Beginnings Of Culture Consciousness In Islam (Page-31), Arab Culture (Page-58), The Koran (Page-80), Government In Islam (Page-127), The Structure Of Mulsim Town (Page-141), Islam And Hellenism (Page-159), Fardausi Concepts Of History (Page-168), Westernization In Islam And The Theory Of Cultural Borrowing (Page-237).  aIslam9104371 2ddccBKk297,GRU c193652d193652 00102ddc4070aMCSbMCScGENd2016-12-12o297,GRUpMCS29615r2016-12-08w2016-12-12yBKzAlmirah No.47, Shelf No.1